| 000 | 00429nam a2200181Ia 4500 | ||
|---|---|---|---|
| 003 | OSt | ||
| 005 | 20221214152614.0 | ||
| 008 | 210210b1914 xxu||||| |||| 00| 0 eng d | ||
| 040 | _cAL | ||
| 041 | _aeng | ||
| 082 | _a823/88 | ||
| 100 |
_aSHAKESPEARE (William) _965954 |
||
| 245 | _aKing Henry IV part 1 | ||
| 260 |
_aLondon _bMethuen & co ltd _c1914 |
||
| 690 |
_aEnglish Drama _965955 |
||
| 906 | _a013640 | ||
| 942 |
_2ddc _cBK |
||
| 999 |
_c132652 _d132652 |
||